|
|
|
|
| LEADER |
00000nam0a2200000 4500 |
| 001 |
374080 |
| 005 |
20231102012625.0 |
| 035 |
|
|
|a (RuTPU)RU\TPU\retro\31514
|
| 035 |
|
|
|a RU\TPU\book\305376
|
| 090 |
|
|
|a 374080
|
| 100 |
|
|
|a 20221216d1977 k y0rusy50 ca
|
| 101 |
0 |
|
|a rus
|
| 102 |
|
|
|a RU
|
| 105 |
|
|
|a a z 001zy
|
| 200 |
1 |
|
|a Получение серы из газов
|f А. В. Авдеева
|
| 210 |
|
|
|a Москва
|c Металлургия
|d 1977
|
| 215 |
|
|
|a 174 с.
|c ил.
|
| 320 |
|
|
|a Библиогр. в конце гл.
|
| 606 |
1 |
|
|a Сера
|x Получение
|2 stltpush
|3 (RuTPU)RU\TPU\subj\32032
|9 54718
|
| 610 |
1 |
|
|a сульфидные руды
|
| 610 |
1 |
|
|a отходящие газы
|
| 610 |
1 |
|
|a цветная металлургия
|
| 610 |
1 |
|
|a методы анализа
|
| 610 |
1 |
|
|a термодинамика
|
| 610 |
1 |
|
|a реакции
|
| 610 |
1 |
|
|a физико-химические свойства
|
| 610 |
1 |
|
|a фазовые превращения
|
| 610 |
1 |
|
|a сернистый ангидрид
|
| 610 |
1 |
|
|a сероводород
|
| 610 |
1 |
|
|a пылеулавливание
|
| 610 |
1 |
|
|a мышьяк
|
| 610 |
1 |
|
|a очистка
|
| 610 |
1 |
|
|a вредные газы
|
| 675 |
|
|
|a 661.2
|v 3
|
| 700 |
|
1 |
|a Авдеева
|b А. В.
|g Александра Васильевна
|
| 801 |
|
1 |
|a RU
|b 63413507
|c 20150123
|
| 801 |
|
2 |
|a RU
|b 63413507
|c 20221216
|g RCR
|
| 942 |
|
|
|c BK
|